[Event "AUTO-INT-3353"]
[Site "http://www.queenalice.com/game.php?id=1531051"]
[Date "2018.6.14"]
[Round "1"]
[White "vangogh"]
[Black "PU1JQF"]
[Result "1-0"]
[WhiteElo "1545"]
[BlackElo "1398"]

1. e4 e5 2. d4 Bd6 3. d5 Nf6 4. Bg5 h6 5. Bxf6 gxf6 6. a3 b6 7. Nc3 Na6 8. Qg4
h5 9. Qg7 Rf8 10. O-O-O Nc5 11. b4 Na6 12. Nf3 Nc5 13. bxc5 bxc5 14. g3 Bb7 15.
Bh3 Ba6 16. Kd2 Bc4 17. Ke1 a5 18. Qh6 Rb8 19. Qxh5 Rb2 20. Rc1 c6 21. g4 Ke7
22. Na4 Ra2 23. c3 Re2+ 24. Kf1 Rxe4+ 25. Kg2 cxd5 26. g5 Rf4 27. g6 e4 28. Nh4
d4 29. g7 Rg8 30. Ng6+ fxg6 31. Qxg6 d3 32. Rhd1 Bb3 33. Rd2 c4 34. Nb2 Bxa3 35.
Qg3 Rf3 36. Qg6 Bd6 37. Qxe4+ Be5 38. Qxf3 Rxg7+ 39. Kf1 Qb6 40. Qf5 Qe6 41. Qf3
f5 42. Bxf5 Qh6 43. Qe3 Qxe3 44. fxe3 Rg5 45. e4 d6 46. h4 Rh5 47. Rh2 Bf4 48.
Bg4 Re5 49. Rf2 Bg3 50. Rf5 Rxe4 51. Bf3 Rxh4 52. Kg2 d2 53. Rb1 Bc2 54. Nxc4
Rxc4 55. Rb7+ Ke6 56. Rxa5 Rc6 57. Kxg3 Rxc3 58. Kf2 Rc4 59. Ra1 Rh4 60. Ke3 Rh2
61. Rc7 Ke5 62. Rxc2 d5 63. Rxd2 Kd6 64. Rxh2 Kc5 65. Ra5+ Kc4 66. Bxd5+ Kb4 67.
Ra8 Kc5 68. Bg8 1-0

[Event "AUTO-INT-3353"]
[Site "http://www.queenalice.com/game.php?id=1531053"]
[Date "2018.6.14"]
[Round "1"]
[White "Mariojose"]
[Black "PU1JQF"]
[Result "1-0"]
[WhiteElo "1447"]
[BlackElo "1447"]

1. e4 e5 2. Qf3 Nf6 3. Bc4 Nc6 4. Qg3 Bc5 5. Qxg7 Rf8 6. Nf3 Nb4 7. d3 c6 8. Bb3
Qa5 9. O-O d6 10. a3 Be6 11. Ne1 b5 12. Qxf6 Bd7 13. Bg5 d5 14. Qxe5+ Be6 15. d4
Bb6 16. Qf6 Bd8 17. Qg7 Be7 18. Bxe7 Kxe7 19. Qg5+ Kd7 20. Nc3 Nxc2 21. Nxc2 a6
22. exd5 cxd5 23. Nxd5 b4 24. Qe7+ Kc6 25. Ncxb4+ Kb5 26. Qc5# 1-0

[Event "AUTO-INT-3360"]
[Site "http://www.queenalice.com/game.php?id=1535209"]
[Date "2018.7.18"]
[Round "1"]
[White "PU1JQF"]
[Black "MePa"]
[Result "0-1"]
[WhiteElo "1370"]
[BlackElo "1762"]

1. e4 e5 2. Qf3 Nf6 3. Nh3 c6 4. Bc4 d5 5. exd5 cxd5 6. Bb5+ Bd7 7. Nc3 Bxb5 8.
Nxb5 Nc6 9. a3 Bc5 10. d3 Qa5+ 11. c3 Qxb5 12. Ng5 O-O 13. Qh3 Ne7 14. O-O Rac8
15. Re1 Ng6 16. d4 exd4 17. Be3 dxe3 18. Nxh7 Nxh7 19. b3 exf2+ 0-1

[Event "AUTO-INT-3360"]
[Site "http://www.queenalice.com/game.php?id=1535210"]
[Date "2018.7.18"]
[Round "1"]
[White "MePa"]
[Black "PU1JQF"]
[Result "1-0"]
[WhiteElo "1716"]
[BlackElo "1424"]

1. e4 e5 2. Nf3 f6 3. Bc4 Ne7 4. c3 c6 5. d4 b5 6. Bb3 Qa5 7. O-O g5 8. dxe5 g4
9. exf6 b4 10. fxe7 Bxe7 11. Nd4 Bc5 12. Qxg4 Qc7 13. Bf4 d6 14. Qh5+ Qf7 15.
Qxf7+ Kd8 16. Bg5# 1-0

[Event "AUTO-INT-3360"]
[Site "http://www.queenalice.com/game.php?id=1535211"]
[Date "2018.7.18"]
[Round "1"]
[White "PU1JQF"]
[Black "Nuzzera"]
[Result "0-1"]
[WhiteElo "1415"]
[BlackElo "1614"]

1. e4 e5 2. Qf3 Nf6 3. Nh3 d6 4. Bb5+ c6 5. Ba4 Bg4 6. Qd3 b5 7. Bb3 a5 8. Ng5
d5 9. Nxf7 Kxf7 10. O-O a4 11. Qe3 axb3 12. Qxb3 Nxe4 13. Qe3 Bf5 14. d3 Nc5 15.
Nc3 Qf6 16. b3 d4 17. Qf3 dxc3 18. Be3 b4 19. Qg3 Nbd7 20. f4 e4 21. Rfd1 exd3
22. Qf3 dxc2 23. Rd4 Nd3 24. Qh5+ g6 25. Qf3 Qe6 26. Qe2 Bc5 27. Rxd7+ Qxd7 28.
Qxc2 Bxe3+ 29. Kf1 Nxf4 30. Rd1 Bxc2 31. Rxd7+ Ke6 32. Rb7 Rxa2 33. g3 Ra1# 0-1

[Event "AUTO-INT-3360"]
[Site "http://www.queenalice.com/game.php?id=1535212"]
[Date "2018.7.18"]
[Round "1"]
[White "Nuzzera"]
[Black "PU1JQF"]
[Result "1-0"]
[WhiteElo "1610"]
[BlackElo "1388"]

1. e3 d5 2. Nc3 e6 3. e4 dxe4 4. Nxe4 f5 5. Ng3 Bc5 6. Qe2 Qf6 7. Qb5+ c6 8.
Qxc5 Nd7 9. Qc3 Qe5+ 10. N1e2 b5 11. Qxc6 Rb8 12. d4 Qf6 13. Bf4 Rb6 14. Qxc8+
Qd8 15. Qxd8+ Kxd8 16. O-O-O Ne7 17. Bg5 Rc6 18. Bxe7+ Kxe7 19. Nf4 e5 20. Nd5+
Kd6 21. dxe5+ Nxe5 22. Nxf5+ Ke6 23. Nxg7+ Kd6 24. Nb4+ Kc5 25. Nxc6 Nxc6 26. c3
Rf8 27. Ne6+ Kb6 28. b4 Rxf2 29. Rd6 Rxa2 30. Kb1 Ra3 31. Kb2 Ra4 32. Nd4 Kc7
33. Rxc6+ Kd7 34. Bxb5 a6 35. Rxa6+ Ke7 36. Bxa4 Kf7 37. Rf1+ Ke7 38. Rf5 Kd8
39. Ra7 Kc8 40. Rf8# 1-0

[Event "AUTO-INT-3366"]
[Site "http://www.queenalice.com/game.php?id=1538691"]
[Date "2018.8.13"]
[Round "1"]
[White "DAN1958"]
[Black "PU1JQF"]
[Result "1-0"]
[WhiteElo "1557"]
[BlackElo "1388"]

1. e4 c6 2. d3 Qa5+ 3. Qd2 Qe5 4. f4 Qc5 5. Nc3 e5 6. f5 d6 7. Qe2 Nf6 8. h3 Bd7
9. Be3 Qa5 10. Bd2 Qc5 11. Nf3 Be7 12. Be3 Qb4 13. Bc1 c5 14. Qd2 Nc6 15. a3 Qa5
16. Nd5 Nb4 17. Nxb4 cxb4 18. d4 O-O 19. b3 1-0

[Event "AUTO-INT-3366"]
[Site "http://www.queenalice.com/game.php?id=1538692"]
[Date "2018.8.13"]
[Round "1"]
[White "PU1JQF"]
[Black "DAN1958"]
[Result "0-1"]
[WhiteElo "1379"]
[BlackElo "1566"]

1. e4 e5 2. Nf3 f6 3. d4 d6 4. Nh4 g6 5. Bc4 f5 6. g3 Qd7 7. f3 Qa4 8. b3 Qd7 9.
Qd2 Bh6 10. f4 Ne7 11. Nc3 a6 12. Nxf5 gxf5 13. dxe5 dxe5 14. exf5 Qxd2+ 15.
Bxd2 Nxf5 16. Nd5 Kd8 17. Nxc7 Kxc7 18. O-O Rd8 0-1

[Event "AUTO-INT-3366"]
[Site "http://www.queenalice.com/game.php?id=1538705"]
[Date "2018.8.13"]
[Round "1"]
[White "swayne"]
[Black "PU1JQF"]
[Result "1-0"]
[WhiteElo "1649"]
[BlackElo "1404"]

1. d4 c6 2. Nc3 Qa5 3. e4 e6 4. Bd2 Bb4 5. Nge2 b6 6. a3 Bd6 7. Ng3 Nf6 8. e5
Be7 9. Bd3 d6 10. O-O O-O 11. b4 Qxe5 12. dxe5 dxe5 13. Qe2 Nfd7 14. Qe4 Nf6 15.
Qf3 Bb7 16. b5 Nfd7 17. Nh5 Bf6 18. Qe4 g6 19. Nxf6+ Nxf6 20. Qh4 Nbd7 21. Ne4
1-0

[Event "AUTO-INT-3366"]
[Site "http://www.queenalice.com/game.php?id=1538706"]
[Date "2018.8.13"]
[Round "1"]
[White "PU1JQF"]
[Black "swayne"]
[Result "0-1"]
[WhiteElo "1412"]
[BlackElo "1612"]

1. e4 e5 2. Nf3 Nc6 3. c4 Bc5 4. Qe2 d6 5. Qd3 Nf6 6. Nc3 a6 7. Be2 O-O 8. O-O
h6 9. Nd5 Nxd5 10. cxd5 Ne7 11. Nh4 c6 12. Nf5 cxd5 13. exd5 Nxf5 14. Qc4 Qf6
15. b3 e4 16. Rb1 Nh4 17. d3 Qg6 18. g3 Nf3+ 19. Kg2 Qh5 20. Rh1 Bh3# 0-1

[Event "AUTO-INT-3366"]
[Site "http://www.queenalice.com/game.php?id=1538713"]
[Date "2018.8.13"]
[Round "1"]
[White "od_xavier"]
[Black "PU1JQF"]
[Result "1-0"]
[WhiteElo "1657"]
[BlackElo "1393"]

1. d3 d5 2. b4 e6 3. c3 c5 4. a3 Qb6 5. Be3 Nf6 6. bxc5 Qb5 7. d4 Qb2 8. Nd2
Qxc3 9. g3 Ne4 10. Rc1 Qxa3 11. Ngf3 Nc3 12. Qc2 Na2 13. Ra1 b6 14. Rxa2 Qb4 15.
cxb6 Qxb6 16. Bf4 Nc6 17. Rb2 Nb4 18. Rxb4 Qxb4 19. Qc6+ Ke7 20. Qxa8 g6 21.
Qxc8 Kf6 22. Qd8+ Kf5 23. Nh4+ Kg4 24. Qg5# 1-0

[Event "AUTO-INT-3366"]
[Site "http://www.queenalice.com/game.php?id=1538714"]
[Date "2018.8.13"]
[Round "1"]
[White "PU1JQF"]
[Black "od_xavier"]
[Result "0-1"]
[WhiteElo "1381"]
[BlackElo "1672"]

1. e4 Nf6 2. Qf3 Nc6 3. Bc4 e6 4. Ne2 g5 5. O-O Bc5 6. Nbc3 a6 7. Ng3 h5 8. d3
Ne5 9. Qe2 Nfg4 10. Nxh5 Rxh5 11. Be3 Bxe3 12. fxe3 f5 13. exf5 exf5 14. Rf2
Rxh2 15. d4 Nxc4 16. Rxf5 Ncxe3 17. Qf3 Rxg2+ 18. Kh1 Nf2+ 19. Qxf2 Rxf2 20.
Rxf2 g4 21. Re1 Qh4+ 22. Kg1 Qg3+ 23. Kh1 Qxf2 24. Rg1 g3 25. Nd1 Qh2# 0-1

[Event "AUTO-INT-3374"]
[Site "http://www.queenalice.com/game.php?id=1542529"]
[Date "2018.9.17"]
[Round "1"]
[White "od_xavier"]
[Black "PU1JQF"]
[Result "1-0"]
[WhiteElo "1746"]
[BlackElo "1371"]

1. d3 e6 2. d4 Nc6 3. e4 g5 4. Be3 b5 5. Bxb5 Qf6 6. Nf3 Nb4 7. c3 Ba6 8. Bxa6
Nxa6 9. Nbd2 g4 10. Ng5 Qg6 11. Qxg4 h5 12. Qf4 Bd6 13. e5 Be7 14. Ndf3 Nf6 15.
exf6 1-0

[Event "AUTO-INT-3374"]
[Site "http://www.queenalice.com/game.php?id=1542530"]
[Date "2018.9.17"]
[Round "1"]
[White "PU1JQF"]
[Black "od_xavier"]
[Result "0-1"]
[WhiteElo "1373"]
[BlackElo "1744"]

1. e4 d5 2. Qf3 d4 3. d3 h5 4. Qf4 g6 5. Bd2 Bh6 6. Qe5 Bxd2+ 7. Nxd2 f6 8. Qb5+
Nd7 9. Nb3 e5 10. Nc5 a6 11. Qc4 c6 12. Nf3 Qe7 13. Be2 Nxc5 14. O-O f5 0-1

[Event "AUTO-INT-3374"]
[Site "http://www.queenalice.com/game.php?id=1542553"]
[Date "2018.9.17"]
[Round "1"]
[White "PU1JQF"]
[Black "DAN1958"]
[Result "0-1"]
[WhiteElo "1400"]
[BlackElo "1673"]

1. e4 e5 2. Nf3 f6 3. Nh4 g6 4. Bc4 Ne7 5. Qf3 Bg7 6. O-O c6 7. Nc3 b5 8. Nxb5
cxb5 9. Bxb5 a6 10. Qa3 Bf8 11. d3 Bb7 0-1

[Event "AUTO-INT-3374"]
[Site "http://www.queenalice.com/game.php?id=1542554"]
[Date "2018.9.17"]
[Round "1"]
[White "DAN1958"]
[Black "PU1JQF"]
[Result "1-0"]
[WhiteElo "1668"]
[BlackElo "1405"]

1. e4 e6 2. e5 Qg5 3. d4 Be7 4. Bxg5 Bxg5 5. Nf3 Bf4 6. g3 Bh6 7. h4 b5 8. Bxb5
Bb7 9. O-O Ne7 10. g4 Nbc6 11. Bxc6 Bxc6 12. g5 1-0

[Event "AUTO-INT-3333"]
[Site "http://www.queenalice.com/game.php?id=1544280"]
[Date "2018.9.30"]
[Round "2"]
[White "PU1JQF"]
[Black "SunKite"]
[Result "0-1"]
[WhiteElo "1375"]
[BlackElo "1772"]

1. e4 e5 2. Nf3 Qf6 3. b3 Nc6 4. Bd3 a6 5. O-O Nd4 6. Nxd4 exd4 7. c3 b5 8. b4
Bd6 9. Bb2 Qe5 10. Na3 Bb7 0-1

[Event "AUTO-INT-3333"]
[Site "http://www.queenalice.com/game.php?id=1544281"]
[Date "2018.9.30"]
[Round "2"]
[White "SunKite"]
[Black "PU1JQF"]
[Result "1-0"]
[WhiteElo "1770"]
[BlackElo "1377"]

1. e4 e5 2. Qf3 Nf6 3. h3 Bc5 4. a3 Nh5 5. Bc4 Nf6 6. b4 Bd4 7. c3 b5 8. Bd5
Nxd5 9. cxd4 Nb6 10. dxe5 Nc4 11. Ra2 1-0

[Event "AUTO-INT-3333"]
[Site "http://www.queenalice.com/game.php?id=1544282"]
[Date "2018.9.30"]
[Round "2"]
[White "PU1JQF"]
[Black "otavio01"]
[Result "0-1"]
[WhiteElo "1395"]
[BlackElo "1790"]

1. e4 e5 2. Nf3 Nc6 3. Bd3 Bc5 4. Bc4 h6 5. b3 Nf6 6. O-O O-O 7. Nc3 d6 8. Nh4
Nd4 9. b4 Bxb4 10. Nb5 Nxe4 11. d3 Nxb5 0-1